| 000 | 01022nam a22002895i 4500 | ||
|---|---|---|---|
| 001 | 10790 | ||
| 003 | ES-MaACL | ||
| 005 | 20250731202250.0 | ||
| 007 | t| | ||
| 008 | 941107s1994 sp ||||0| spa j | ||
| 020 | _a84-7658-434-2 | ||
| 040 |
_aM-BN _bspa _cM-BN |
||
| 080 | _a1 Foucault, Michel | ||
| 100 | 1 |
_aJalón, Mauricio. _965953 |
|
| 245 | 1 | 3 |
_aEl laboratorio de Foucault _b: descifrar y ordenar / _cMauricio Jalón. |
| 250 | _a1ª ed. | ||
| 260 |
_aBarcelona : _bAnthropos ; _aMadrid : _bConsejo Superior de Investigaciones Científicas, _c1994. |
||
| 300 |
_a346 p ; _c20 cm. |
||
| 490 | 1 |
_aAutores, textos y temas. Filosofía ; _v46 |
|
| 500 | _aIndice. | ||
| 504 | _aBibliografía: p. 327-337. | ||
| 600 | 0 | 4 |
_aFoucault, Michel, _d1926-1984- _xCrítica e interpretación _951922 |
| 710 | 2 |
_aConsejo Superior de Investigaciones Científicas (España) _93236 |
|
| 830 | 0 |
_aAutores, textos y temas. Filosofía ; _v46 _9177263 |
|
| 852 |
_aES-MaACL _jL-18085 _bR.122605 |
||
| 999 |
_c10790 _d10790 |
||